000 00303nam a22001337a 4500
008 170503b xxu||||| |||| 00| 0 eng d
020 _a9781593459550
041 _aeng
080 _a343,9
100 _a13
101 _aSHJ
245 _aCORPORATE CRIM E UNDER ATTACK
_cCULLEN.F.T
942 _2udc
_cBK
999 _c12527
_d12527